Reading Lolita In Tehran (Record no. 330565)

MARC details
000 -LEADER
fixed length control field 00469nam a2200169Ia 4500
008 - FIXED-LENGTH DATA ELEMENTS--GENERAL INFORMATION
fixed length control field 230718s9999 xx 000 0 und d
020 ## - INTERNATIONAL STANDARD BOOK NUMBER
International Standard Book Number 9780007412556
041 ## - LANGUAGE CODE
Language code of text/sound track or separate title eng
082 ## - DEWEY DECIMAL CLASSIFICATION NUMBER
Classification number 820.9
Item number NAF
100 ## - MAIN ENTRY--PERSONAL NAME
Personal name Nafisi A.
9 (RLIN) 193431
245 ## - TITLE STATEMENT
Title Reading Lolita In Tehran
Remainder of title A Memoir In Books
260 ## - PUBLICATION, DISTRIBUTION, ETC. (IMPRINT)
Date of publication, distribution, etc. 2008
Name of publisher, distributor, etc. Harper Perennial
300 ## - PHYSICAL DESCRIPTION
Extent 347
365 ## - TRADE PRICE
Currency code Rs.
Price amount 299.00
700 ## - ADDED ENTRY--PERSONAL NAME
Personal name Nafisi A.
9 (RLIN) 193431
906 ## - LOCAL DATA ELEMENT F, LDF (RLIN)
d O:0281525-Apr-2012B:1108710-Apr-2012
c GENRL
b 74.75
Holdings
Withdrawn status Lost status Damaged status Not for loan Home library Current library Date acquired Vendor Budget Code Cost, normal purchase price Bill number Total Checkouts Full call number Barcode Checked out Date last seen Date last checked out Discount Cost, replacement price Bill Date Koha item type Original Barcode
        Cummins College of Engineering for Women Pune Cummins College of Engineering for Women Pune 24/04/2012 Technical Book Services GENRL 224.25 11087 7 820.9 CCEP-BK-41772 13/04/2026 30/03/2026 30/03/2026 74.75 299.00 10/04/2012 Books 041772